McDonald and Avery's Dentistry for the Child and Adolescent (Record no. 15577)
[ view plain ]
| 000 -LEADER | |
|---|---|
| fixed length control field | 00396nam a22001577a 4500 |
| 003 - CONTROL NUMBER IDENTIFIER | |
| control field | SGT |
| 020 ## - INTERNATIONAL STANDARD BOOK NUMBER | |
| International Standard Book Number | 9788131246986 |
| 082 ## - DEWEY DECIMAL CLASSIFICATION NUMBER | |
| Classification number | 617.632 |
| Item number | M16D |
| 100 ## - MAIN ENTRY--PERSONAL NAME | |
| Personal name | Dean, Jeffrey |
| 245 ## - TITLE STATEMENT | |
| Title | McDonald and Avery's Dentistry for the Child and Adolescent |
| 250 ## - EDITION STATEMENT | |
| Edition statement | First South Asia |
| 260 ## - PUBLICATION, DISTRIBUTION, ETC. (IMPRINT) | |
| Place of publication, distribution, etc | NEW DELHI |
| Name of publisher, distributor, etc | Elsevier India |
| Year of Publication | 2016 |
| 300 ## - PAGE DESCRIPTION | |
| No. of Pages | 700 |
| 650 ## - SUBJECT ADDED ENTRY--TOPICAL TERM | |
| Topical term or geographic name as entry element | PEDODONTICS |
| 942 ## - ADDED ENTRY ELEMENTS (KOHA) | |
| Source of classification or shelving scheme | Dewey Decimal Classification |
| Koha item type | Books |
| 942 ## - ADDED ENTRY ELEMENTS (KOHA) | |
| -- | 13 |
| Withdrawn status | Lost status | Source of classification or shelving scheme | Damaged status | Not for loan | Home library | Current library | Shelving location | Date acquired | Vendor Name | Cost, normal purchase price | SGTU | Bill Number | Total Checkouts | Full call number | Accession No. (Barcode) | Date last seen | Date last borrowed | Bill Date | Koha item type | Checked out |
|---|---|---|---|---|---|---|---|---|---|---|---|---|---|---|---|---|---|---|---|---|
| Dewey Decimal Classification | SGT Dental Library | SGT Dental Library | Text Book | 14/06/2018 | ABC | 1595.00 | SGTU | 9730 | 4 | 617.632 M16D | FD7738 | 24/03/2026 | 24/03/2026 | 15/05/2018 | Books | |||||
| Dewey Decimal Classification | SGT Dental Library | SGT Dental Library | Text Book | 14/06/2018 | ABC | 1595.00 | SGTU | 9730 | 2 | 617.632 M16D | FD7739 | 25/05/2026 | 25/05/2026 | 15/05/2018 | Books | 08/06/2026 | ||||
| Dewey Decimal Classification | SGT Dental Library | SGT Dental Library | Text Book | 14/06/2018 | ABC | 1595.00 | SGTU | 9730 | 10 | 617.632 M16D | FD7740 | 14/03/2024 | 05/03/2024 | 15/05/2018 | Books | |||||
| Dewey Decimal Classification | SGT Dental Library | SGT Dental Library | Text Book | 14/06/2018 | ABC | 1595.00 | SGTU | 9730 | 13 | 617.632 M16D | FD7741 | 01/08/2025 | 01/08/2025 | 15/05/2018 | Books |